| 000 | 00643nam a2200241Ia 4500 | ||
|---|---|---|---|
| 008 | 170203s9999 xx 000 0 und d | ||
| 020 | _a1842360892 | ||
| 050 | _a0 30 | ||
| 050 | _bF235d 2000 | ||
| 100 | _aParker, Steve. | ||
| 245 | _aDinosaurs / | ||
| 245 | _cSteve Parker ; consultant, Jim Flegg. | ||
| 260 | _aGreat Bardfiel : | ||
| 260 | _bMiles Kelly. | ||
| 260 | _c2000 | ||
| 300 | _a61 pages : | ||
| 300 | _bcolor illustrations, maps ; | ||
| 300 | _c31 cm. | ||
| 440 | _a1000 things you should know about. | ||
| 500 | _aIncludes index. | ||
| 650 | _aDinosaurs -- Miscellanea -- | ||
| 650 | _xJuvenile literature. | ||
| 999 |
_c305575 _d305575 |
||